Michelle/ (Record no. 3173)

MARC details
000 -LEADER
fixed length control field 00840cam a2200265 a 4500
001 - CONTROL NUMBER
control field 4664400
003 - CONTROL NUMBER IDENTIFIER
control field GBCCL
005 - DATE AND TIME OF LATEST TRANSACTION
control field 20241126110448.0
008 - FIXED-LENGTH DATA ELEMENTS--GENERAL INFORMATION
fixed length control field 810721s1980 cauaf 000 0beng
010 ## -
-- 80052202
020 ## - INTERNATIONAL STANDARD BOOK NUMBER
International Standard Book Number 0830707573
040 ## - CATALOGING SOURCE
Original cataloging agency DLC
Transcribing agency DLC
Modifying agency DLC
043 ## -
-- n-us---
050 00 -
-- RC280.B6
-- P47
082 00 - DEWEY DECIMAL CLASSIFICATION NUMBER
Classification number 362.092
-- B
Edition information 19
Item number PHI
100 1# - MAIN ENTRY--PERSONAL NAME
Personal name Phillips, Carolyn E.
9 (RLIN) 6540
245 10 - TITLE STATEMENT
Title Michelle/
Statement of responsibility, etc. Carolyn E. Phillips.
260 ## - PUBLICATION, DISTRIBUTION, ETC.
Place of publication, distribution, etc. Ventura, CA :
Name of publisher, distributor, etc. Regal Books,
Date of publication, distribution, etc. c1980.
300 ## - PHYSICAL DESCRIPTION
Extent 156 p., [16] p. of plates :
Other physical details ill. ;
Dimensions 24 cm.
600 10 - SUBJECT ADDED ENTRY--PERSONAL NAME
Personal name Price, Michelle,
Dates associated with a name 1968-
General subdivision Health.
9 (RLIN) 6541
650 #0 - SUBJECT ADDED ENTRY--TOPICAL TERM
Topical term or geographic name entry element Osteosarcoma in children
Geographic subdivision United States
Form subdivision Biography.
9 (RLIN) 6542
650 #0 - SUBJECT ADDED ENTRY--TOPICAL TERM
Topical term or geographic name entry element Cancer in children
General subdivision Patients
Geographic subdivision United States
Form subdivision Biography.
9 (RLIN) 6543
906 ## - LOCAL DATA ELEMENT F, LDF (RLIN)
a 7
b cbc
c orignew
d 2
e ocip
f 19
g y-gencatlg
942 ## - ADDED ENTRY ELEMENTS (KOHA)
Source of classification or shelving scheme Dewey Decimal Classification
Koha item type Books
Holdings
Withdrawn status Lost status Source of classification or shelving scheme Damaged status Not for loan Home library Current Library Shelving location Date acquired Total checkouts Full call number Barcode Date last seen Copy number Price effective from Koha item type
    Dewey Decimal Classification     GRACE BIBLE COLLEGE GRACE BIBLE COLLEGE General Studies 2017-11-14   362.092 PHI 008001 2025-05-01 c.1 2017-11-14 Books
© Grace Bible College Library 2025